Kvantitatívna makroekonómia

Bibliographic Details
Main Author: Mlynarovič, Vladimír, 1952- (Author)
Format: Book
Language:Slovak
PhysicalDescription:303 s. grafy, sch. 29 cm
Published: Bratislava Ekonóm 1998
ISBN:8022509868
Edition:2. vyd.
Subjects:

MARC

LEADER 00000nam a2200000 a 4500
001 vtls001344985
003 SK-MaSNL
005 20260301070220.0
008 240509s1998 xo a r y slo
015 |a SNBA1999/01-00020 
020 |a 8022509868  |c 121,00 Sk 
035 |a SNK000298194 
035 |a urn:nbn:sk:snk-amyhqq 
035 |a urn:nbn:sk:snk-am00ckda 
035 |a 773D066A-13A2-42F8-B1E5-E9F52CCA7ACC 
040 |a SNK  |b slo  |c SNK  |e AACR2 
041 0 |a slo 
044 |a xo  |c SK 
080 |a 330.101.541(075.8)  |2 1981 
100 1 |a Mlynarovič, Vladimír,  |d 1952-  |4 aut  |9 244653 
245 1 |a Kvantitatívna makroekonómia  |c Vladimír Mlynarovič 
250 |a 2. vyd. 
260 |a Bratislava  |b Ekonóm  |c 1998 
300 |a 303 s.  |b grafy, sch.  |c 29 cm 
500 |a 500 výt. 
504 |a Bibliogr. s. 303 
650 0 7 |a makroekonómia kvantitatívna  |2 SNK  |9 380413 
655 7 |a Textbooks (higher)  |2 SNKPHeng  |9 276436 
655 7 |a učebnice vysokých škôl  |2 SNKPH  |9 70191 
655 7 |a učebnice  |2 SNK  |9 22521 
919 |a 80-225-0986-8 
958 |a OND 
958 |a TL 
958 |a NB 
958 |a UV 
999 |c 633549  |d 635479 
952 |t P60, <03>, [BOOK], {603}  |a SNK  |b SNK  |y PREZ  |7 0  |p 17A0161133  |o snkSB 59417  |i snkKSP 9530/98  |0 0  |1 0  |4 0  |d 1998-10-14  |f 1  |l 0  |r 2025-04-08 00:00:00  |w 2026-02-23 
952 |t P60, <04>, [BOOK], {604}  |a SNK  |b SNK  |y VYP  |7 0  |p 17A0161137  |o snkSB 59417 D1  |i snkKSP 9531/98  |0 0  |1 0  |4 0  |d 1998-10-14  |l 0  |r 2005-01-02 00:00:00  |w 2026-02-23 
952 |t P60, <04>, [BOOK], {604}  |a SNK  |b SNK  |y VYP  |7 0  |p 17A0222559  |o snkSB 59417 D2  |i snkK 1318/99  |0 0  |1 0  |4 0  |d 1999-12-20  |l 0  |r 2005-01-02 00:00:00  |w 2026-02-23